[Event "Oberliga Ost-B 2324"]
[Site "Germany"]
[Date "2024.02.24"]
[Round "6.6"]
[White "Peterson, Emery"]
[Black "Erdmann, Stefan"]
[Result "1/2-1/2"]
[WhiteElo "2170"]
[BlackElo "2126"]
[PlyCount "22"]
[EventDate "2023.10.22"]
[EventType "team-tourn"]
[EventRounds "11"]
[EventCountry "GER"]
[SourceTitle "EXT 2025"]
[Source "ChessBase"]
[SourceDate "2024.10.14"]
[SourceVersion "1"]
[SourceVersionDate "2024.10.14"]
[SourceQuality "1"]
[WhiteTeam "Gernsheim"]
[BlackTeam "Bad Homburg"]
[WhiteTeamCountry "GER"]
[BlackTeamCountry "GER"]

1. e4 c5 2. Nf3 Nc6 3. d4 cxd4 4. Nxd4 Nf6 5. Nc3 d6 6. Be2 e5 7. Nb3 Be7 8. 0-0 0-0 9. Be3 Be6 10. f3 d5 11. exd5 Nxd5 1/2-1/2

[Event "Oberliga Ost-B 2324"]
[Site "Germany"]
[Date "2023.12.02"]
[Round "2.6"]
[White "Peterson, Emery"]
[Black "Kushka, Alena"]
[Result "1/2-1/2"]
[WhiteElo "2171"]
[BlackElo "2162"]
[PlyCount "80"]
[EventDate "2023.10.22"]
[EventType "team-tourn"]
[EventRounds "11"]
[EventCountry "GER"]
[SourceTitle "EXT 2025"]
[Source "ChessBase"]
[SourceDate "2024.10.14"]
[SourceVersion "1"]
[SourceVersionDate "2024.10.14"]
[SourceQuality "1"]
[WhiteTeam "Gernsheim"]
[BlackTeam "Hofheim II"]
[WhiteTeamCountry "GER"]
[BlackTeamCountry "GER"]

1. e4 c5 2. d3 g6 3. Nc3 Bg7 4. g3 e6 5. Bg2 Ne7 6. f4 d5 7. e5 f6 8. Nf3 0-0 9. exf6 Bxf6 10. 0-0 Nbc6 11. Re1 a6 12. Ne2 d4 13. Nd2 Bg7 14. Ne4 b6 15. Kh1 Ra7 16. Ng1 Nd5 17. Nf3 Ne3 18. Bxe3 dxe3 19. c3 e5 20. Nxe5 Bxe5 21. fxe5 Nxe5 22. Rxe3 Ng4 23. Rf3 Be6 24. Qe2 Bf5 25. Raf1 Raf7 26. h3 Bxe4 27. dxe4 Rxf3 28. Rxf3 Rxf3 29. Qxf3 Ne5 30. Qf4 Qd6 31. b3 b5 32. Qe3 Kg7 33. a4 h6 34. Qe2 bxa4 35. bxa4 Qd3 36. Qb2 Qxg3 37. Qb7+ Nf7 38. c4 Qe5 39. Qxa6 Qa1+ 40. Kh2 Qe5+ 1/2-1/2

[Event "Oberliga Ost-B 2324"]
[Site "Germany"]
[Date "2023.10.22"]
[Round "1.5"]
[White "Peterson, Emery"]
[Black "Aranifar, Babak"]
[Result "1-0"]
[WhiteElo "2167"]
[BlackElo "1942"]
[PlyCount "65"]
[EventDate "2023.10.22"]
[EventType "team-tourn"]
[EventRounds "11"]
[EventCountry "GER"]
[SourceTitle "EXT 2025"]
[Source "ChessBase"]
[SourceDate "2024.10.14"]
[SourceVersion "1"]
[SourceVersionDate "2024.10.14"]
[SourceQuality "1"]
[WhiteTeam "Gernsheim"]
[BlackTeam "Moerlenbach Birkenau"]
[WhiteTeamCountry "GER"]
[BlackTeamCountry "GER"]

1. d4 Nf6 2. c4 e6 3. Nc3 Bb4 4. e3 d5 5. Nf3 0-0 6. Qc2 c5 7. Bd2 cxd4 8. exd4 b6 9. Be2 dxc4 10. 0-0 Bb7 11. Rad1 Bxc3 12. bxc3 Qd5 13. Rfe1 b5 14. Rb1 Ne4 15. Bc1 Nd7 16. Bf1 f5 17. Re2 Rf6 18. Ne1 f4 19. f3 Nd6 20. g4 g5 21. h4 gxh4 22. Rh2 Qg5 23. Qf2 e5 24. Rxh4 e4 25. Rh5 Qg6 26. Rbxb5 Nxb5 27. Bxc4+ Kh8 28. Bxb5 Nb6 29. Qh4 Raf8 30. d5 Bxd5 31. c4 Bxc4 32. Bb2 Bxb5 33. Rh6 1-0

[Event "Oberliga Ost-B 2223"]
[Site "Germany"]
[Date "2023.02.26"]
[Round "9.6"]
[White "Flach, Erich"]
[Black "Peterson, Emery"]
[Result "0-1"]
[WhiteElo "2085"]
[BlackElo "2175"]
[PlyCount "98"]
[EventDate "2022.09.18"]
[EventType "team-tourn"]
[EventRounds "11"]
[EventCountry "GER"]
[SourceTitle "EXT 2025"]
[Source "ChessBase"]
[SourceDate "2024.10.14"]
[SourceVersion "1"]
[SourceVersionDate "2024.10.14"]
[SourceQuality "1"]
[WhiteTeam "Heusenstamm"]
[BlackTeam "Gernsheim"]
[WhiteTeamCountry "GER"]
[BlackTeamCountry "GER"]

1. c4 e6 2. Nc3 d5 3. d4 Nf6 4. cxd5 exd5 5. Bg5 c6 6. e3 Be7 7. Bd3 h6 8. Bh4 0-0 9. Nge2 Re8 10. 0-0 Nbd7 11. Rb1 a5 12. f3 b5 13. Bf2 Nb6 14. Ng3 Be6 15. h3 a4 16. b3 axb3 17. axb3 Bd6 18. Bc2 Bd7 19. Qd3 g6 20. Qd2 Qc7 21. Nge2 b4 22. Na4 Nxa4 23. bxa4 Kg7 24. Rfc1 Re7 25. Ra1 Ra5 26. Bd3 Qa7 27. Qd1 c5 28. dxc5 Bxc5 29. Nd4 Bxd4 30. exd4 Bxa4 31. Qd2 Rb7 32. Rc5 Bb5 33. Rxa5 Qxa5 34. Be1 Nh5 35. Rxd5 Qa4 36. Rxb5 Rxb5 37. Bxb5 Qxb5 38. Qxb4 Qg5 39. Bd2 Qd5 40. Qc5 Qb3 41. Qe5+ Kh7 42. Kh2 Qd3 43. Be3 Ng7 44. Bf2 Nf5 45. d5 h5 46. Be1 f6 47. Qe6 Ne3 48. Bb4 Qd4 49. Qe4 Nf1+ 0-1

[Event "Oberliga Ost-B 1920"]
[Site "Germany"]
[Date "2020.03.01"]
[Round "9.6"]
[White "Peterson, Emery"]
[Black "Heinke, Jasper"]
[Result "1-0"]
[WhiteElo "2169"]
[BlackElo "2039"]
[PlyCount "105"]
[EventDate "2019.09.29"]
[EventType "team-tourn"]
[EventRounds "11"]
[EventCountry "GER"]
[SourceTitle "EXT 2023"]
[Source "ChessBase"]
[SourceDate "2022.10.05"]
[SourceVersion "1"]
[SourceVersionDate "2022.10.05"]
[SourceQuality "1"]
[WhiteTeam "Gernsheim"]
[BlackTeam "Erfurt Empor"]
[WhiteTeamCountry "GER"]
[BlackTeamCountry "GER"]

1. d4 Nf6 2. c4 e6 3. Nc3 Bb4 4. e3 b6 5. Nf3 Ne4 6. Qc2 Bb7 7. Be2 f5 8. 0-0 Bxc3 9. bxc3 0-0 10. Ne1 Nc6 11. Nd3 Na5 12. f3 Nd6 13. Ne5 Ba6 14. Qa4 c6 15. Ba3 b5 16. Qb4 Nab7 17. c5 Nf7 18. Rfd1 Qc7 19. f4 Rfd8 20. Bb2 d6 21. Nd3 Rab8 22. Qa3 Na5 23. Rac1 dxc5 24. dxc5 Bc8 25. Nb4 e5 26. c4 bxc4 27. Qc3 Rb5 28. fxe5 Be6 29. a4 Rb7 30. Rxd8+ Qxd8 31. Rc2 Ng5 32. Rd2 Rd7 33. Rxd7 Qxd7 34. Nc2 Nb3 35. Bxc4 Nxc5 36. Nd4 Bd5 37. Ba3 Nxa4 38. Qb4 c5 39. Bxd5+ Qxd5 40. Qxa4 Qxe5 41. Qb3+ Kh8 42. Bxc5 h5 43. Bxa7 f4 44. Qb8+ Qxb8 45. Bxb8 fxe3 46. Bf4 Nf7 47. Bxe3 Kh7 48. Ne6 g6 49. Ng5+ Kg7 50. Nxf7 Kxf7 51. Kf2 Ke6 52. Kg3 Kf5 53. Kh4 1-0

[Event "EU-ch blitz"]
[Site "Tallinn"]
[Date "2019.12.07"]
[Round "4"]
[White "Peterson, Emery"]
[Black "Ruck, Robert"]
[Result "0-1"]
[WhiteElo "2195"]
[BlackElo "2541"]
[PlyCount "85"]
[EventDate "2019.12.07"]
[EventType "swiss (blitz)"]
[EventRounds "22"]
[EventCountry "EST"]
[SourceTitle "CBM 193 Extra"]
[Source "ChessBase"]
[SourceDate "2020.01.31"]
[SourceVersion "1"]
[SourceVersionDate "2020.01.31"]
[SourceQuality "1"]

1. d4 Nf6 2. Nc3 d5 3. e4 dxe4 4. f3 e3 5. Bxe3 c6 6. Bd3 Nbd7 7. Nge2 Nb6 8. a3 Nbd5 9. Bd2 g6 10. 0-0 Bg7 11. Ne4 0-0 12. Kh1 b6 13. Qe1 Bb7 14. Rd1 Qd7 15. Qh4 Rad8 16. c4 Nc7 17. Bc3 Rfe8 18. f4 Nxe4 19. Bxe4 e6 20. Rf3 Qe7 21. Qf2 Qd7 22. Rh3 Qe7 23. Re3 Ba8 24. Bc2 Qd7 25. Red3 a5 26. Ng1 Bb7 27. a4 Ba6 28. b3 b5 29. cxb5 cxb5 30. Rh3 b4 31. Bb2 Qe7 32. Nf3 Nd5 33. Ng5 h6 34. Ne4 Rc8 35. Nc5 Rxc5 36. dxc5 Bxb2 37. Bxg6 Bg7 38. Bc2 Rc8 39. Qg3 Qxc5 40. Be4 Qc3 41. Qg4 Nf6 42. Qf3 Qxf3 43. Bxf3 0-1

[Event "Oberliga Ost-B 1920"]
[Site "Germany"]
[Date "2019.11.16"]
[Round "2.5"]
[White "Peterson, Emery"]
[Black "Mueller Ludwig, Kristin"]
[Result "1-0"]
[WhiteElo "2169"]
[BlackElo "2055"]
[PlyCount "43"]
[EventDate "2019.09.29"]
[EventType "team-tourn"]
[EventRounds "11"]
[EventCountry "GER"]
[SourceTitle "EXT 2021"]
[Source "ChessBase"]
[SourceDate "2020.10.23"]
[SourceVersion "1"]
[SourceVersionDate "2020.10.23"]
[SourceQuality "1"]
[WhiteTeam "Gernsheim"]
[BlackTeam "Erfurt Medizin"]
[WhiteTeamCountry "GER"]
[BlackTeamCountry "GER"]

1. d4 Nf6 2. Nc3 d5 3. f3 e6 4. e4 Bb4 5. Be3 dxe4 6. a3 Bxc3+ 7. bxc3 Nd5 8. Qd2 Nxe3 9. Qxe3 exf3 10. Nxf3 0-0 11. Bd3 Nd7 12. 0-0 Nf6 13. Rae1 Nd5 14. Qd2 h6 15. Ne5 f5 16. Rf3 c5 17. Qf2 Nxc3 18. dxc5 Qd5 19. Ng6 Rf7 20. Rf4 Qd8 21. Bc4 Ne4 22. Rexe4 1-0

[Event "Oberliga Ost-B 1819"]
[Site "Germany"]
[Date "2019.04.07"]
[Round "11.5"]
[White "Mueller Ludwig, Kristin"]
[Black "Peterson, Emery"]
[Result "1/2-1/2"]
[WhiteElo "2005"]
[BlackElo "2170"]
[PlyCount "98"]
[EventDate "2018.10.21"]
[EventType "team-tourn"]
[EventRounds "11"]
[EventCountry "GER"]
[SourceTitle "EXT 2020"]
[Source "ChessBase"]
[SourceDate "2019.10.17"]
[SourceVersion "1"]
[SourceVersionDate "2019.10.17"]
[SourceQuality "1"]
[WhiteTeam "Erfurt Medizin"]
[BlackTeam "Gernsheim"]
[WhiteTeamCountry "GER"]
[BlackTeamCountry "GER"]

1. e4 e6 2. d4 d5 3. Nc3 Nf6 4. e5 Nfd7 5. f4 c5 6. Nf3 Nc6 7. Be3 cxd4 8. Nxd4 Nxd4 9. Bxd4 Bc5 10. Qd2 0-0 11. 0-0-0 Bxd4 12. Qxd4 f6 13. Nxd5 fxe5 14. fxe5 Qg5+ 15. Qe3 Qxe3+ 16. Nxe3 Nxe5 17. Rd4 Bd7 18. Nc4 Bb5 19. Nxe5 Rxf1+ 20. Rxf1 Bxf1 21. Rd2 Rf8 22. b3 Rf5 23. Ng4 Bb5 24. c4 Bc6 25. Re2 h5 26. Ne5 Bxg2 27. Ng6 Rg5 28. Nf4 Bf3 29. Rxe6 Rf5 30. Nd3 g5 31. Kd2 g4 32. Re5 Rxe5 33. Nxe5 Be4 34. Ke3 Bb1 35. a3 Kg7 36. Kf4 Kf6 37. b4 Bf5 38. c5 a6 39. a4 Be6 40. b5 axb5 41. axb5 Bd5 42. b6 Ke6 43. c6 Kd6 44. cxb7 Bxb7 45. Nc4+ Kc5 46. Na5 Kxb6 47. Nxb7 Kxb7 48. Kg5 Kc7 49. Kxh5 Kd7 1/2-1/2

[Event "Oberliga Ost-B 1718"]
[Site "Germany"]
[Date "2018.02.03"]
[Round "6.3"]
[White "Peterson, Emery"]
[Black "Du Maire, Jerome"]
[Result "0-1"]
[WhiteElo "2165"]
[BlackElo "2154"]
[PlyCount "66"]
[EventDate "2017.10.22"]
[EventType "team-tourn"]
[EventRounds "11"]
[EventCountry "GER"]
[SourceTitle "EXT 2019"]
[Source "ChessBase"]
[SourceDate "2018.10.10"]
[SourceVersion "1"]
[SourceVersionDate "2018.10.10"]
[SourceQuality "1"]
[WhiteTeam "Gernsheim"]
[BlackTeam "Frankfurt TV"]
[WhiteTeamCountry "GER"]
[BlackTeamCountry "GER"]

1. d4 d5 2. e3 Nf6 3. Bd3 c5 4. c3 Nbd7 5. f4 e6 6. Nf3 Bd6 7. 0-0 b6 8. Ne5 Bb7 9. Nd2 0-0 10. Qf3 a5 11. Rf2 Ne8 12. g4 Bxe5 13. fxe5 f6 14. Qh3 g6 15. Nf3 fxe5 16. dxe5 Nc7 17. Bd2 Qe7 18. Re1 Qg7 19. Qg3 Rf7 20. e4 Raf8 21. exd5 Bxd5 22. Be4 h6 23. b3 Bxe4 24. Rxe4 Nd5 25. Kg2 g5 26. h4 Qg6 27. Ree2 Qd3 28. Ne1 Rxf2+ 29. Rxf2 Qe4+ 30. Kg1 Nf4 31. Kh2 Nxe5 32. Bxf4 Rxf4 33. Re2 Rxg4 0-1

[Event "EU-ch blitz"]
[Site "Katowice"]
[Date "2017.12.15"]
[Round "18"]
[White "Mikrut, Dariusz"]
[Black "Peterson, Emery"]
[Result "1-0"]
[WhiteElo "2375"]
[BlackElo "2168"]
[PlyCount "55"]
[EventDate "2017.12.15"]
[EventType "swiss (blitz)"]
[EventRounds "22"]
[EventCountry "POL"]
[SourceTitle "CBM 182 Extra"]
[Source "ChessBase"]
[SourceDate "2018.02.23"]
[SourceVersion "1"]
[SourceVersionDate "2018.02.23"]
[SourceQuality "1"]

1. d4 e6 2. Nf3 d5 3. c4 f5 4. Nc3 c6 5. Qc2 Nf6 6. Bf4 Bd6 7. e3 0-0 8. Bd3 Ne4 9. h4 b6 10. Ne5 Bb7 11. cxd5 exd5 12. g4 Bxe5 13. Bxe5 Nd7 14. Bf4 c5 15. f3 Nxc3 16. bxc3 cxd4 17. cxd4 Rc8 18. Qg2 fxg4 19. Qxg4 Qe7 20. Kf2 Rc3 21. Rad1 Bc8 22. Qg5 Nf6 23. Rhg1 Rf7 24. Qe5 Qa3 25. Bb1 Qb2+ 26. Kg3 g6 27. Rg2 Nh5+ 28. Kh2 1-0

[Event "EU-ch blitz"]
[Site "Katowice"]
[Date "2017.12.15"]
[Round "15"]
[White "Peterson, Emery"]
[Black "Dobrowolski, Piotr"]
[Result "0-1"]
[WhiteElo "2168"]
[BlackElo "2421"]
[PlyCount "26"]
[EventDate "2017.12.15"]
[EventType "swiss (blitz)"]
[EventRounds "22"]
[EventCountry "POL"]
[SourceTitle "CBM 182 Extra"]
[Source "ChessBase"]
[SourceDate "2018.02.23"]
[SourceVersion "1"]
[SourceVersionDate "2018.02.23"]
[SourceQuality "1"]

1. d4 Nf6 2. Nc3 d5 3. e4 Nxe4 4. Nxe4 dxe4 5. f3 e5 6. dxe5 Qxd1+ 7. Kxd1 Nc6 8. Bf4 Bf5 9. c3 0-0-0+ 10. Kc1 Bc5 11. Bb5 e3 12. Ne2 Rd2 13. Rd1 Rc2+ 0-1

[Event "Oberliga Ost-B 1718"]
[Site "Germany"]
[Date "2017.12.10"]
[Round "4.3"]
[White "Hillmann, Michael"]
[Black "Peterson, Emery"]
[Result "1/2-1/2"]
[WhiteElo "2159"]
[BlackElo "2165"]
[PlyCount "165"]
[EventDate "2017.10.22"]
[EventType "team-tourn"]
[EventRounds "11"]
[EventCountry "GER"]
[SourceTitle "EXT 2019"]
[Source "ChessBase"]
[SourceDate "2018.10.10"]
[SourceVersion "1"]
[SourceVersionDate "2018.10.10"]
[SourceQuality "1"]
[WhiteTeam "Sangerhausen"]
[BlackTeam "Gernsheim"]
[WhiteTeamCountry "GER"]
[BlackTeamCountry "GER"]

1. d4 e6 2. c4 d5 3. Nc3 f5 4. e3 Nf6 5. Bd3 c6 6. Nge2 Bd6 7. Qc2 Ne4 8. 0-0 0-0 9. f3 Ng5 10. Bd2 Na6 11. a3 Nc7 12. e4 Bd7 13. cxd5 cxd5 14. e5 Be7 15. Qb3 b5 16. Na2 a5 17. Rfc1 Qb8 18. Qd1 Qb6 19. b4 a4 20. Rc3 Rac8 21. Rac1 Qb7 22. R1c2 Na8 23. Qc1 Rxc3 24. Rxc3 Nf7 25. Qf1 Nb6 26. Rc2 Nc4 27. Bxc4 dxc4 28. Nac3 Nd8 29. Qf2 Nc6 30. Nd1 Bd8 31. f4 Bb6 32. Be3 Ne7 33. Ndc3 Bc6 34. Rd2 h6 35. h4 Kh7 36. Qg3 Bd8 37. Qh3 g6 38. g3 Bf3 39. Qf1 Rg8 40. Nc1 Bc6 41. N1e2 Rg7 42. Kf2 Kg8 43. Qh3 Qd7 44. Rd1 Ba8 45. Ke1 Nd5 46. Nxd5 Qxd5 47. Nc3 Qf3 48. Kd2 Rd7 49. Qf1 Bb6 50. Nxb5 Qc6 51. Nc3 Bxd4 52. Bxd4 Rxd4+ 53. Kc2 Qd7 54. Rxd4 Qxd4 55. Qd1 Qa7 56. Qd8+ Kh7 57. Qd6 Qf2+ 58. Qd2 Qa7 59. Ne2 Be4+ 60. Kc3 g5 61. hxg5 hxg5 62. Nd4 Qe7 63. fxg5 Kg6 64. Qf4 Bd5 65. g4 Qxg5 66. gxf5+ exf5 67. Qf2 f4 68. e6 Kf6 69. Kc2 Qg6+ 70. Kc1 Qg3 71. Qxg3 fxg3 72. e7 g2 73. e8N+ Ke7 74. Ne2 Kxe8 75. Kd2 Ke7 76. Kc3 Kf6 77. Kd4 Kg5 78. b5 Bb7 79. Kxc4 Kg4 80. Kd3 Kf3 81. Kd2 Kf2 82. Nf4 Be4 83. Nxg2 1/2-1/2

[Event "Hessenliga 1617"]
[Site "Hessen"]
[Date "2017.02.05"]
[Round "6.4"]
[White "Isserman, Ryhor"]
[Black "Peterson, Emery"]
[Result "0-1"]
[WhiteElo "2216"]
[BlackElo "2165"]
[PlyCount "72"]
[EventDate "2016.09.18"]
[EventType "team-tourn"]
[EventRounds "9"]
[EventCountry "GER"]
[SourceTitle "EXT 2018"]
[Source "ChessBase"]
[SourceDate "2017.10.13"]
[SourceVersion "1"]
[SourceVersionDate "2017.10.13"]
[SourceQuality "1"]
[WhiteTeam "Bad Homburg"]
[BlackTeam "Gernsheim"]
[WhiteTeamCountry "GER"]
[BlackTeamCountry "GER"]

1. e4 e6 2. d4 d5 3. Nd2 Nf6 4. e5 Nfd7 5. f4 c5 6. Ngf3 Nc6 7. c3 cxd4 8. cxd4 f5 9. Nb3 Be7 10. Bb5 Qb6 11. a4 a6 12. Bxc6 bxc6 13. Be3 Rb8 14. Nfd2 a5 15. 0-0 Ba6 16. Rf3 Qb4 17. Rh3 Bc4 18. Nxc4 dxc4 19. Bd2 Qb6 20. Nxa5 Qxd4+ 21. Kh1 Rxb2 22. Nxc6 Qxd2 23. Qxd2 Rxd2 24. a5 Kf7 25. a6 Rc8 26. a7 Nb6 27. Rc3 Rxc6 28. g4 Na8 29. gxf5 exf5 30. Rb1 Rd7 31. Ra1 Bb4 32. Re3 c3 33. Rae1 c2 34. e6+ Rxe6 35. Rxe6 Bxe1 36. Rxe1 Rd1 0-1

[Event "Hessenliga 1617"]
[Site "Hessen"]
[Date "2017.01.15"]
[Round "5.3"]
[White "Zunker, Reinhard"]
[Black "Peterson, Emery"]
[Result "0-1"]
[WhiteElo "2140"]
[BlackElo "2165"]
[PlyCount "68"]
[EventDate "2016.09.18"]
[EventType "team-tourn"]
[EventRounds "9"]
[EventCountry "GER"]
[SourceTitle "EXT 2018"]
[Source "ChessBase"]
[SourceDate "2017.10.13"]
[SourceVersion "1"]
[SourceVersionDate "2017.10.13"]
[SourceQuality "1"]
[WhiteTeam "Hofheim II"]
[BlackTeam "Gernsheim"]
[WhiteTeamCountry "GER"]
[BlackTeamCountry "GER"]

1. e4 e6 2. d4 d5 3. Nc3 dxe4 4. Nxe4 Nd7 5. Nf3 Ngf6 6. Bd3 Be7 7. 0-0 0-0 8. Re1 b6 9. Qe2 Bb7 10. Ng3 Re8 11. Bg5 c5 12. Ne5 Nxe5 13. dxe5 Qd5 14. Qf1 Nh5 15. Ne4 Bxg5 16. Nd6 Re7 17. Be4 Qd4 18. Bxb7 Rd8 19. c3 Qa4 20. Bf3 Nf4 21. b3 Qa3 22. Red1 Rb8 23. g3 Ng6 24. Qe2 Rd7 25. Bc6 Rdd8 26. Ba4 c4 27. Nxc4 Qc5 28. b4 Qc7 29. Bb5 Rd5 30. Rxd5 exd5 31. Nd6 Qxc3 32. Rd1 Be7 33. Rxd5 Qxb4 34. Nf5 Qb1+ 0-1

[Event "Hessenliga 1617"]
[Site "Hessen"]
[Date "2016.09.18"]
[Round "1.4"]
[White "Peterson, Emery"]
[Black "Gerber, Peter"]
[Result "1-0"]
[WhiteElo "2165"]
[BlackElo "2143"]
[PlyCount "127"]
[EventDate "2016.09.18"]
[EventType "team-tourn"]
[EventRounds "9"]
[EventCountry "GER"]
[SourceTitle "EXT 2018"]
[Source "ChessBase"]
[SourceDate "2017.10.13"]
[SourceVersion "1"]
[SourceVersionDate "2017.10.13"]
[SourceQuality "1"]
[WhiteTeam "Gernsheim"]
[BlackTeam "Giessen"]
[WhiteTeamCountry "GER"]
[BlackTeamCountry "GER"]

1. d4 c5 2. d5 e6 3. e4 a6 4. a4 d6 5. Nc3 Ne7 6. f4 exd5 7. exd5 Nf5 8. Nf3 Be7 9. Bd3 0-0 10. 0-0 Qc7 11. Kh1 c4 12. Be2 Nd7 13. g4 Nh4 14. Be3 Nxf3 15. Bxf3 Rb8 16. Ba7 Ra8 17. Bd4 b6 18. Qe1 Bf6 19. Bxf6 Nxf6 20. Qh4 Bb7 21. Rae1 Qc5 22. Qf2 Rac8 23. Qd2 Kh8 24. g5 Ng8 25. f5 Rce8 26. Kg2 b5 27. axb5 axb5 28. Ne4 Qb6 29. Qb4 Rd8 30. Nc3 Bc8 31. Be4 Bd7 32. Rf3 f6 33. h4 Ne7 34. Ref1 Be8 35. Rg3 Qd4 36. Qa5 Bd7 37. Qc7 Qe5 38. gxf6 Qxf6 39. Nd1 Qe5 40. Re3 Nxd5 41. Bxd5 Qxd5+ 42. Kh2 Qc6 43. Qxc6 Bxc6 44. Re6 Bd5 45. Re7 Rf7 46. Rfe1 Kg8 47. Re8+ Rxe8 48. Rxe8+ Rf8 49. Re7 Rxf5 50. Ne3 Rf2+ 51. Kg3 Rd2 52. Nf5 Kf8 53. Rd7 g6 54. Ne3 Be4 55. Rxh7 Bxc2 56. Rb7 Ba4 57. Kf4 Rxb2 58. Kg5 Rf2 59. Kxg6 Ke8 60. h5 Rf3 61. Nd5 Bc2+ 62. Kg7 Be4 63. Re7+ Kd8 64. Rxe4 1-0

[Event "Hessenliga 1516"]
[Site "Germany"]
[Date "2016.04.24"]
[Round "9.3"]
[White "Hahn, Werner"]
[Black "Peterson, Emery"]
[Result "1/2-1/2"]
[WhiteElo "2165"]
[BlackElo "2165"]
[PlyCount "67"]
[EventDate "2015.09.27"]
[EventType "team-tourn"]
[EventRounds "9"]
[EventCountry "GER"]
[SourceTitle "EXT 2018"]
[Source "ChessBase"]
[SourceDate "2017.10.13"]
[SourceVersion "1"]
[SourceVersionDate "2017.10.13"]
[SourceQuality "1"]
[WhiteTeam "Griesheim II"]
[BlackTeam "Gernsheim"]
[WhiteTeamCountry "GER"]
[BlackTeamCountry "GER"]

1. d4 e6 2. Nf3 d5 3. Bf4 Bd6 4. Bg3 f5 5. Bxd6 Qxd6 6. Nbd2 Nd7 7. g3 Ngf6 8. Bg2 0-0 9. 0-0 c6 10. c4 b6 11. Qa4 Bb7 12. Rac1 Ne4 13. Rfd1 h6 14. e3 g5 15. Nxe4 fxe4 16. Ne1 Qe7 17. Rd2 Nf6 18. Nc2 Rf7 19. Qb4 c5 20. dxc5 bxc5 21. Qc3 Raf8 22. Ne1 d4 23. exd4 Ng4 24. d5 exd5 25. cxd5 e3 26. fxe3 Nxe3 27. h3 c4 28. Qd4 Nf5 29. Qe4 Qd6 30. g4 Qc5+ 31. Kh2 Qd6+ 32. Kg1 Qb6+ 33. Kh2 Qd6+ 34. Kg1 1/2-1/2

[Event "Hessenliga 1516"]
[Site "Germany"]
[Date "2015.12.06"]
[Round "4.2"]
[White "Meyer, Stefan"]
[Black "Peterson, Emery"]
[Result "1/2-1/2"]
[WhiteElo "2119"]
[BlackElo "2165"]
[PlyCount "86"]
[EventDate "2015.09.27"]
[EventType "team-tourn"]
[EventRounds "9"]
[EventCountry "GER"]
[SourceTitle "EXT 2018"]
[Source "ChessBase"]
[SourceDate "2017.10.13"]
[SourceVersion "1"]
[SourceVersionDate "2017.10.13"]
[SourceQuality "1"]
[WhiteTeam "Dotzheim"]
[BlackTeam "Gernsheim"]
[WhiteTeamCountry "GER"]
[BlackTeamCountry "GER"]

1. e4 e6 2. Qe2 c5 3. Nf3 Nc6 4. g3 d6 5. Bg2 e5 6. c3 Be7 7. Na3 b6 8. Nc2 a5 9. a4 Bf6 10. Ne3 Nge7 11. d3 0-0 12. Nd2 g6 13. Ndc4 Bg7 14. 0-0 Rb8 15. Ra3 Qc7 16. Rb3 Bd7 17. f4 exf4 18. gxf4 f5 19. Bd2 Na7 20. Ra3 Rbe8 21. Qd1 Nac8 22. Be1 Bc6 23. Qb3 Kh8 24. Bg3 fxe4 25. dxe4 Qb7 26. Nd2 Nf5 27. Nd5 Bxd5 28. Qxd5 Qxd5 29. exd5 Ne3 30. Re1 Nxg2 31. Kxg2 Rxe1 32. Bxe1 Rxf4 33. Bg3 Rf5 34. Nc4 Rxd5 35. Rb3 h5 36. Nxb6 Rd2+ 37. Kf3 Nxb6 38. Rxb6 d5 39. Bf4 Rc2 40. Rb5 d4 41. Rxa5 dxc3 42. bxc3 Rxc3+ 43. Ke4 Ra3 1/2-1/2

[Event "GER CupT"]
[Site "Germany"]
[Date "2011.01.22"]
[Round "1.21"]
[White "Filipovic, Branko"]
[Black "Peterson, Emery"]
[Result "1-0"]
[WhiteElo "2413"]
[BlackElo "2168"]
[PlyCount "73"]
[EventDate "2011.01.22"]
[EventType "team-k.o."]
[EventRounds "6"]
[EventCountry "GER"]
[SourceTitle "EXT 2016"]
[Source "ChessBase"]
[SourceDate "2015.10.08"]
[SourceVersion "1"]
[SourceVersionDate "2015.10.08"]
[SourceQuality "1"]
[WhiteTeam "Dreisamtal"]
[BlackTeam "Gernsheim"]
[WhiteTeamCountry "GER"]
[BlackTeamCountry "GER"]

1. e4 e6 2. d3 d5 3. Qe2 d4 4. Nf3 c5 5. g3 Nc6 6. e5 Nge7 7. Bg2 Nd5 8. 0-0 Be7 9. h4 0-0 10. c4 Nc7 11. Nbd2 f5 12. Nh2 Bd7 13. f4 Rb8 14. h5 Qe8 15. a3 g6 16. hxg6 Qxg6 17. g4 Rf7 18. g5 h6 19. Ndf3 hxg5 20. Nxg5 Bxg5 21. fxg5 Rh7 22. Bd2 b5 23. cxb5 Rxb5 24. Rac1 Rxb2 25. Rxc5 Nd5 26. Rf2 Rh4 27. Bxd5 exd5 28. e6 Be8 29. Rxd5 f4 30. Ng4 Rb1+ 31. Kg2 Rbh1 32. Bxf4 Ne7 33. Nf6+ Kg7 34. Nxe8+ Qxe8 35. Be5+ Kg8 36. Qf3 Rg4+ 37. Qxg4 1-0

[Event "Oberliga Sued W 0607"]
[Site "Germany"]
[Date "2007.02.25"]
[Round "7.1"]
[White "Peterson, Emery"]
[Black "Bastian, Herbert"]
[Result "0-1"]
[WhiteElo "2189"]
[BlackElo "2411"]
[PlyCount "70"]
[EventDate "2006.10.15"]
[EventType "team-tourn"]
[EventRounds "9"]
[EventCountry "GER"]
[SourceTitle "EXT 2009"]
[Source "ChessBase"]
[SourceDate "2008.11.26"]
[SourceVersion "1"]
[SourceVersionDate "2008.11.26"]
[SourceQuality "1"]
[WhiteTeam "Mutterstadt"]
[BlackTeam "Saarbruecken"]
[WhiteTeamCountry "GER"]
[BlackTeamCountry "GER"]

1. d4 Nf6 2. g3 g6 3. Bg2 Bg7 4. Nf3 0-0 5. 0-0 Na6 6. c4 c5 7. d5 d6 8. Nc3 e6 9. e4 exd5 10. exd5 Nc7 11. Bf4 h6 12. h3 Rb8 13. a4 a6 14. Re1 b5 15. Nd2 g5 16. Be3 Bf5 17. g4 Bd3 18. axb5 axb5 19. cxb5 Nxb5 20. Nxb5 Rxb5 21. b3 Qb8 22. f4 Nh7 23. Ra2 Re8 24. Kh1 Rb4 25. fxg5 Nxg5 26. Bxg5 hxg5 27. Rxe8+ Qxe8 28. Nf3 c4 29. Qd2 cxb3 30. Rb2 Rb8 31. Qxd3 Bxb2 32. Nxg5 Bg7 33. Qh7+ Kf8 34. Be4 b2 35. Kg2 b1Q 0-1

[Event "Oberliga Sued W 0506"]
[Site "Germany"]
[Date "2006.04.02"]
[Round "9.1"]
[White "Lang, Torsten"]
[Black "Peterson, Emery"]
[Result "1/2-1/2"]
[WhiteElo "2320"]
[BlackElo "2119"]
[PlyCount "62"]
[EventDate "2005.10.23"]
[EventType "team-tourn"]
[EventRounds "9"]
[EventCountry "GER"]
[SourceTitle "EXT 2007"]
[Source "ChessBase"]
[SourceDate "2006.11.23"]
[SourceVersion "1"]
[SourceVersionDate "2006.11.23"]
[SourceQuality "1"]
[WhiteTeam "Landau"]
[BlackTeam "Mutterstadt"]
[WhiteTeamCountry "GER"]
[BlackTeamCountry "GER"]

1. d4 f5 2. Nf3 Nf6 3. g3 e6 4. Bg2 d5 5. 0-0 Bd6 6. c4 c6 7. Bf4 Bxf4 8. gxf4 0-0 9. e3 Nbd7 10. Nbd2 Ne4 11. Qe2 b6 12. cxd5 exd5 13. Rac1 Bb7 14. Rfd1 Rf6 15. Nf1 Qe7 16. Ng3 Raf8 17. a3 h6 18. Ne5 Nxe5 19. dxe5 Rg6 20. Qh5 Qf7 21. Bf3 c5 22. Qh3 d4 23. Qg2 dxe3 24. fxe3 h5 25. Bxh5 Qb3 26. Bxg6 Qxe3+ 27. Kf1 Ba6+ 28. Ne2 Qxf4+ 29. Ke1 Qh4+ 30. Kf1 Qf4+ 31. Ke1 Qh4+ 1/2-1/2